Top 10 Tallest U.S. States - Females - Statistics

General Stats
  • This quiz has been taken 15 times
  • The average score is 6 of 9
Answer Stats
Hint Answer % Correct
5 ft 4.5 in Kansas | Mississippi | Wyoming | Tennessee | North Dakota | Wisconsin | Alaska | Colorado | Oklahoma | Alabama
100%
5 ft 4.7 in Montana
70%
5 ft 4.6 in Nebraska
70%
5 ft 4.7 in South Dakota
70%
5 ft 4.7 in Idaho
60%
5 ft 4.6 in Iowa
60%
5 ft 4.7 in Minnesota
60%
5 ft 4.8 in Oregon
60%
5 ft 4.7 in Utah
60%
No matching quizzes found
Score Distribution
Percent of People with Each Score
Percentile by Number Answered
Your Score History
You have not taken this quiz